الفلسفة عند اليونان / (Record no. 5993)
[ view plain ]
| 000 -LEADER | |
|---|---|
| fixed length control field | 00535nac a22001451u 4500 |
| 008 - FIXED-LENGTH DATA ELEMENTS--GENERAL INFORMATION | |
| fixed length control field | 080903s1965 ua|||||r||| 000 0dra d |
| 082 ## - DEWEY DECIMAL CLASSIFICATION NUMBER | |
| Classification number | 182 |
| Item number | م ط ر |
| Edition number | 22 |
| 245 ## - TITLE STATEMENT | |
| Title | الفلسفة عند اليونان / |
| Statement of responsibility, etc | أميرة حلمي مطر |
| 260 ## - PUBLICATION, DISTRIBUTION, ETC. (IMPRINT) | |
| Place of publication, distribution, etc | القاهرة : |
| Name of publisher, distributor, etc | دار ومطابع الشعب ,1965. |
| Date of publication, distribution, etc | 1965. |
| 300 ## - PHYSICAL DESCRIPTION | |
| Extent | 327 ص ; |
| Dimensions | 24 سم . |
| 504 ## - BIBLIOGRAPHY, ETC. NOTE | |
| Bibliography, etc | يحتوي على إرجاعات ببليوجرافية |
| 511 ## - PARTICIPANT OR PERFORMER NOTE | |
| Participant or performer note | Catalogued by: Sara |
| 541 ## - IMMEDIATE SOURCE OF ACQUISITION NOTE | |
| Source of acquisition | ألف باء ؛ |
| 942 ## - ADDED ENTRY ELEMENTS (KOHA) | |
| Item type | Book - Borrowing |
| Call number prefix | 182م ط ر |
| Source of classification or shelving scheme | Dewey Decimal Classification |
| Withdrawn status | Item status | Source of classification or shelving scheme | Damaged status | Not for loan | Vendor | Home library | Current library | Shelving location | Date acquired | Source of acquisition | Total Checkouts | Total Renewals | Full call number | Barcode | Date last seen | Date last borrowed | Koha item type |
|---|---|---|---|---|---|---|---|---|---|---|---|---|---|---|---|---|---|
| Dewey Decimal Classification | Alef-Baa | Central Library | Central Library | Lower Floor | 07/11/2011 | 2 | 25 | 182 مطر | 000007583 | 15/07/2025 | 20/11/2013 | Book - Borrowing |